00744pam a2200229 a 4500001000800000005001700008008004100025020001500066020001500081040001800096082001500114245009400129250000900223260005900232300001300291650002200304650002200326650001000348700002400358856006600382856006600448250336120240124052108.0920313s1992 ii b 101 0 eng  a8170362881 a080399432x aDLCcDLCdDLC00a306.8522000aFinding the household :bconceptual and methodological issues /cedited by K. Saradamoni. a1st. aNew Delhi ;aNewbury Park :bSage Publications,c1992. a251 p. ; 0aFamily demography 0aHousehold surveys 0aWomen1 aSaradamoni, K.eedt42uhttp://www.loc.gov/catdir/enhancements/fy0657/92010051-d.html41uhttp://www.loc.gov/catdir/enhancements/fy0657/92010051-t.html